Central Library OPAC University of Rajshahi

British industries and their organization / (Record no. 2845)

MARC details
000 -LEADER
fixed length control field 00725nam a2200253 a 4500
001 - CONTROL NUMBER
control field 2845
003 - CONTROL NUMBER IDENTIFIER
rucl marc code BD-RjUL
005 - DATE AND TIME OF LATEST TRANSACTION
control field 20211208233629.0
008 - FIXED-LENGTH DATA ELEMENTS--GENERAL INFORMATION
fixed length control field 750414s19511933xx 000 0 eng
035 ## - SYSTEM CONTROL NUMBER
System control number (BD-RjUL)2872
System control number (OCoLC)1275908
040 ## - CATALOGING SOURCE
Original cataloging agency DLC
Transcribing agency OAU
Modifying agency Uk
-- DLC
Language of cataloging eng
041 ## - LANGUAGE CODE
Language code of text/sound track or separate title eng
082 04 - DEWEY DECIMAL CLASSIFICATION NUMBER
Classification number 338.0941
Author mark and year ALB 1951
100 1# - MAIN ENTRY--PERSONAL NAME
Personal name Allen, G. C.
Fuller form of name (George Cyril),
Dates associated with a name 1900-1982.
9 (RLIN) 7440
245 10 - TITLE STATEMENT
Title British industries and their organization /
Statement of responsibility, etc. G. C. Allen
250 ## - EDITION STATEMENT
Edition statement 3rd ed.
260 ## - PUBLICATION, DISTRIBUTION, ETC. (IMPRINT)
Place of publication, distribution, etc. London ;
-- New York :
Name of publisher, distributor, etc. Longmans,
Date of publication, distribution, etc. 1951
300 ## - PHYSICAL DESCRIPTION
Pagination xi, 289 p.;
Size 22 cm.
504 ## - BIBLIOGRAPHY, ETC. NOTE
Bibliography, etc Bibliography: p. 278-284.
650 #0 - SUBJECT ADDED ENTRY--TOPICAL TERM
Topical term or geographic name as entry element Industries
Geographic subdivision Great Britain
9 (RLIN) 9130
942 ## - ADDED ENTRY ELEMENTS (KOHA)
Source of classification or shelving scheme Dewey Decimal Classification
Koha item type Books
Holdings
Lost status Source of classification or shelving scheme Damaged status Not for loan Collection code Permanent Location Current Location Shelving location Date acquired Source of acquisition Total Checkouts Full call number Date last seen Copy number Koha item type Cost, normal purchase price
  Dewey Decimal Classification     Non-fiction Central Library, University of Rajshahi Central Library, University of Rajshahi   21/09/1964 Austra gift   338.0941 ALB 1951 17/12/2013 C-3 Books  
  Dewey Decimal Classification     Non-fiction Central Library, University of Rajshahi Central Library, University of Rajshahi   20/10/1955 Black Well   338.0941 ALB 1952 21/06/2016 C-2 Books 14.30
  Dewey Decimal Classification     Non-fiction Central Library, University of Rajshahi Central Library, University of Rajshahi   20/10/1955 Backwell   338.0941 ALB 1952 21/06/2016 C-4 Books 14.30